| 000 | 01338nam0a2200301 4500 | ||
|---|---|---|---|
| 001 | RU\NLR\BIBL_A\012116503 | ||
| 005 | 20250623211459.0 | ||
| 010 |
_a5-88782-015-2 _bПитер-пресс _930000 |
||
| 035 | _a(NLR Aleph) 012116503 | ||
| 090 |
_a11970591 _c11970591 |
||
| 100 | _a20191010d1995 |||y0rusy50 ca | ||
| 101 | 1 |
_arus _cger |
|
| 102 | _aRU | ||
| 105 | _aa z 000zy | ||
| 200 | 1 |
_aЛицо - зеркало здоровья _eпатофизиогномика для всех _e[пер. с нем.] |
|
| 210 |
_aМ. _cИнтерэксперт _aСПб. _cПитер _cПитер-пресс _d1995 |
||
| 215 |
_a183, [1] с. _cил. _d20 |
||
| 225 | 1 | _aСерия "Исцели себя сам"" | |
| 300 | _aЗагл. и авт. ориг.: Krankheiten aus dem Gesicht erkennen / Kurt Tepperwein | ||
| 454 | 0 |
_12001#$aKrankheiten aus dem Gesicht erkennen$fKurt Tepperwein _1700#1$aTepperwein$bK.$gKurt _tKrankheiten aus dem Gesicht erkennen _aTepperwein, Kurt |
|
| 606 | 1 |
_aФизиогномика _xДиагностическое значение _92239913 _3RU\NLR\AUTH\661344113 |
|
| 686 | 3 | _aР343.11 | |
| 700 | 1 |
_aТеппервайн _bК. _f1932- _gКурт |
|
| 852 |
_aNLR _j95-3/6740 |
||
| 942 | _cBOOK | ||
| 980 | _aNB | ||